<?xml version="1.0" encoding="UTF-8"?><marc:collection xmlns:marc="http://www.loc.gov/MARC21/slim">
  <marc:record>
    <marc:leader>00000nam  2200000zi 4500</marc:leader>
    <marc:controlfield tag="001">9.933080</marc:controlfield>
    <marc:controlfield tag="003">CaOODSP</marc:controlfield>
    <marc:controlfield tag="005">20240417114958</marc:controlfield>
    <marc:controlfield tag="006">m     o  d f      </marc:controlfield>
    <marc:controlfield tag="007">cr cn|||||||||</marc:controlfield>
    <marc:controlfield tag="008">240129e202001##oncad   ob   f000 0 eng d</marc:controlfield>
    <marc:datafield tag="040" ind1=" " ind2=" ">
      <marc:subfield code="a">CaOODSP</marc:subfield>
      <marc:subfield code="b">eng</marc:subfield>
      <marc:subfield code="e">rda</marc:subfield>
      <marc:subfield code="c">CaOODSP</marc:subfield>
    </marc:datafield>
    <marc:datafield tag="043" ind1=" " ind2=" ">
      <marc:subfield code="a">n-cn---</marc:subfield>
    </marc:datafield>
    <marc:datafield tag="086" ind1="1" ind2=" ">
      <marc:subfield code="a">FR5-229/2020E-PDF</marc:subfield>
    </marc:datafield>
    <marc:datafield tag="086" ind1="1" ind2=" ">
      <marc:subfield code="a">FR5-229/2020-1E-PDF</marc:subfield>
    </marc:datafield>
    <marc:datafield tag="245" ind1="0" ind2="0">
      <marc:subfield code="a">Evaluation of the Geographic Coordination and Mission Support Program : </marc:subfield>
      <marc:subfield code="b">final report / </marc:subfield>
      <marc:subfield code="c">prepared by the Diplomacy, Trade and Corporate Evaluation Division (PRE), Global Affairs Canada.</marc:subfield>
    </marc:datafield>
    <marc:datafield tag="264" ind1=" " ind2="1">
      <marc:subfield code="a">[Ottawa] : </marc:subfield>
      <marc:subfield code="b">Global Affairs Canada = Affaires mondiales Canada, </marc:subfield>
      <marc:subfield code="c">January 2020.</marc:subfield>
    </marc:datafield>
    <marc:datafield tag="300" ind1=" " ind2=" ">
      <marc:subfield code="a">1 online resource (44 pages) : </marc:subfield>
      <marc:subfield code="b">illustrations, graphs + </marc:subfield>
      <marc:subfield code="e">1 summary (1 unnumbered page)</marc:subfield>
    </marc:datafield>
    <marc:datafield tag="336" ind1=" " ind2=" ">
      <marc:subfield code="a">text</marc:subfield>
      <marc:subfield code="b">txt</marc:subfield>
      <marc:subfield code="2">rdacontent</marc:subfield>
    </marc:datafield>
    <marc:datafield tag="337" ind1=" " ind2=" ">
      <marc:subfield code="a">computer</marc:subfield>
      <marc:subfield code="b">c</marc:subfield>
      <marc:subfield code="2">rdamedia</marc:subfield>
    </marc:datafield>
    <marc:datafield tag="338" ind1=" " ind2=" ">
      <marc:subfield code="a">online resource</marc:subfield>
      <marc:subfield code="b">cr</marc:subfield>
      <marc:subfield code="2">rdacarrier</marc:subfield>
    </marc:datafield>
    <marc:datafield tag="500" ind1=" " ind2=" ">
      <marc:subfield code="a">Cover title.</marc:subfield>
    </marc:datafield>
    <marc:datafield tag="500" ind1=" " ind2=" ">
      <marc:subfield code="a">Issued also in French under title: Évaluation du Programme de la coordination géographique et de l’appui aux missions : rapport final.</marc:subfield>
    </marc:datafield>
    <marc:datafield tag="504" ind1=" " ind2=" ">
      <marc:subfield code="a">Includes bibliographical references (pages 42-44).</marc:subfield>
    </marc:datafield>
    <marc:datafield tag="520" ind1=" " ind2=" ">
      <marc:subfield code="a">"As part of Global Affairs Canada’s Five-Year Departmental Evaluation Plan, the Diplomacy, Trade and Corporate  Evaluation Division (PRE) conducted an evaluation of the Geographic Coordination and Mission Support Program. The Program is delivered by the Geographic Coordination and Mission Support Bureau (NMD) within the Americas Branch. The Bureau has the complex mandate of coordinating geographic branches and other stakeholders to ensure coherence within the Geo network and to support planning, reporting, traditional and digital advocacy, and operations of missions. The purpose of the evaluation was to assess: 1) NMD’s overall mandate, roles and responsibilities; 2) NMD’s role in providing support to missions; 3) The use of tools and data for planning and reporting purposes (with an emphasis on Strategia); and 4) Linkages with other departmental divisions with mission support functions"--Executive summary, page 4.</marc:subfield>
    </marc:datafield>
    <marc:datafield tag="610" ind1="1" ind2="0">
      <marc:subfield code="a">Canada. </marc:subfield>
      <marc:subfield code="b">Global Affairs Canada</marc:subfield>
      <marc:subfield code="x">Evaluation.</marc:subfield>
    </marc:datafield>
    <marc:datafield tag="610" ind1="1" ind2="0">
      <marc:subfield code="a">Canada. </marc:subfield>
      <marc:subfield code="b">Global Affairs Canada</marc:subfield>
      <marc:subfield code="x">Planning.</marc:subfield>
    </marc:datafield>
    <marc:datafield tag="710" ind1="1" ind2=" ">
      <marc:subfield code="a">Canada. </marc:subfield>
      <marc:subfield code="b">Global Affairs Canada, </marc:subfield>
      <marc:subfield code="e">issuing body.</marc:subfield>
    </marc:datafield>
    <marc:datafield tag="775" ind1="0" ind2="8">
      <marc:subfield code="t">Évaluation du Programme de la coordination géographique et de l’appui aux missions : </marc:subfield>
      <marc:subfield code="w">(CaOODSP)9.936960</marc:subfield>
    </marc:datafield>
    <marc:datafield tag="856" ind1="4" ind2="0">
      <marc:subfield code="q">PDF</marc:subfield>
      <marc:subfield code="s">1.78 MB</marc:subfield>
      <marc:subfield code="u">https://publications.gc.ca/collections/collection_2024/amc-gac/FR5-229-2020-eng.pdf</marc:subfield>
      <marc:subfield code="z">Report</marc:subfield>
    </marc:datafield>
    <marc:datafield tag="856" ind1="4" ind2="0">
      <marc:subfield code="q">PDF</marc:subfield>
      <marc:subfield code="s">769 KB</marc:subfield>
      <marc:subfield code="u">https://publications.gc.ca/collections/collection_2024/amc-gac/FR5-229-2020-1-eng.pdf</marc:subfield>
      <marc:subfield code="z">Summary</marc:subfield>
    </marc:datafield>
    <marc:datafield tag="856" ind1="4" ind2=" ">
      <marc:subfield code="q">HTML</marc:subfield>
      <marc:subfield code="s">N/A</marc:subfield>
      <marc:subfield code="u">https://www.international.gc.ca/gac-amc/publications/evaluation/2020/evaluation_geo_missions.aspx?lang=eng</marc:subfield>
      <marc:subfield code="z">Report</marc:subfield>
    </marc:datafield>
    <marc:datafield tag="856" ind1="4" ind2=" ">
      <marc:subfield code="q">HTML</marc:subfield>
      <marc:subfield code="s">N/A</marc:subfield>
      <marc:subfield code="u">https://www.international.gc.ca/gac-amc/publications/evaluation/2020/sum-evaluation_geo_missions-resume.aspx?lang=eng</marc:subfield>
      <marc:subfield code="z">Summary</marc:subfield>
    </marc:datafield>
  </marc:record>
</marc:collection>
